Partial differential equations : theory and technique /

Guardado en:
Autor Principal: Carrier, George F.
Otros Autores: Pearson, Carl E.
Formato: Libro
Idioma:English
Publicado: New York : Academic Press, 1976.
Materias:
Etiquetas: Agregar Etiqueta
Sin Etiquetas, Sea el primero en etiquetar este registro!
LEADER 00753pam a2200229 a 4500
001 MAT.inmabb005903
008 750923s1976####nyua#####b####001#0#eng##
005 20130315120332.0
245 1 0 |a Partial differential equations :  |b theory and technique /  |c George F. Carrier, Carl E. Pearson. 
260 |a New York :  |b Academic Press,  |c 1976. 
300 |a xi, 320 p. :  |b il. ;  |c 24 cm. 
504 |a Bibliografía: p. 309-311. 
500 |a Incluye índice. 
510 4 |a MR,  |c 53 #8623 
020 |a 0121604500 
100 1 |a Carrier, George F. 
700 1 |a Pearson, Carl E. 
650 0 |a Differential equations, Partial  |x Numerical solutions. 
084 |a 35-02  |2 msc2000 
010 |a  75013107  
040 |a DLC  |c DLC  |d DLC 
859 |h 35  |i C316  |p A-4628  |b BIB. MATEMATICA